[Event "Hvar Arsenal blitz op 2nd"]
[Site "Hvar"]
[Date "2023.10.19"]
[Round "9"]
[White "Juranovic, Ljudevit"]
[Black "Knezovic, Stipe"]
[Result "1-0"]
[WhiteElo "1495"]
[BlackElo "1561"]
[PlyCount "73"]
[EventDate "2023.10.19"]
[EventType "swiss (blitz)"]
[EventRounds "11"]
[EventCountry "CRO"]
[SourceTitle "Mega2024 Update 01"]
[Source "Chessbase"]
[SourceDate "2023.11.12"]
[SourceVersion "1"]
[SourceVersionDate "2023.11.12"]
[SourceQuality "1"]

1. d4 d5 2. c4 Nf6 3. Nf3 Bg4 4. Nc3 e6 5. e3 Be7 6. h3 Bh5 7. g4 Bg6 8. Nh4 Nbd7 9. Nxg6 hxg6 10. Bg2 c6 11. b3 Bb4 12. Bd2 dxc4 13. bxc4 Qa5 14. Qb3 Rb8 15. a3 Bxc3 16. Bxc3 Qc7 17. Bb4 a5 18. Bc3 0-0 19. 0-0 Rfc8 20. Qa4 Ra8 21. Rab1 Nb6 22. Qb3 Nfd7 23. c5 Nd5 24. Bxd5 exd5 25. Qxb7 Qxb7 26. Rxb7 Nf6 27. Rfb1 Ne4 28. Be1 Nf6 29. a4 Ne8 30. f3 Kf8 31. Bg3 Nf6 32. Bd6+ Ke8 33. Re7+ Kd8 34. Rxf7 Ne8 35. Rbb7 Nxd6 36. cxd6 Ke8 37. Rbe7+ 1-0

[Event "CRO-ch U11"]
[Site "Trogir"]
[Date "2023.06.25"]
[Round "8"]
[White "Biti, Tin"]
[Black "Juranovic, Ljudevit"]
[Result "1/2-1/2"]
[WhiteElo "1690"]
[BlackElo "1391"]
[PlyCount "29"]
[EventDate "2023.06.21"]
[EventType "swiss"]
[EventRounds "9"]
[EventCountry "CRO"]
[SourceTitle "EXT 2024"]
[Source "ChessBase"]
[SourceDate "2023.10.10"]
[SourceVersion "1"]
[SourceVersionDate "2023.10.10"]
[SourceQuality "1"]

1. e4 c5 2. Nf3 e6 3. c3 Nf6 4. e5 Nd5 5. Bc4 Nb6 6. Bb5 a6 7. Be2 Nc6 8. 0-0 Qc7 9. d4 cxd4 10. cxd4 d6 11. exd6 Bxd6 12. Be3 e5 13. h3 0-0 14. Nc3 exd4 15. Nxd4 1/2-1/2

[Event "CRO-ch U11"]
[Site "Trogir"]
[Date "2022.06.24"]
[Round "4"]
[White "Juranovic, Ljudevit"]
[Black "Kaselic, Noa"]
[Result "1/2-1/2"]
[WhiteElo "1551"]
[BlackElo "1226"]
[PlyCount "95"]
[EventDate "2022.06.22"]
[EventType "swiss"]
[EventRounds "9"]
[EventCountry "CRO"]
[SourceTitle "CBM 209 Extra"]
[Source "ChessBase"]
[SourceDate "2022.09.30"]
[SourceVersion "1"]
[SourceVersionDate "2022.09.30"]
[SourceQuality "1"]

1. d4 d5 2. c4 Nc6 3. Nf3 Bg4 4. g3 Bxf3 5. exf3 dxc4 6. Bxc4 Qxd4 7. Qb3 Ne5 8. Qxb7 Rd8 9. Bd2 Nd3+ 10. Bxd3 Qxd3 11. Nc3 Nf6 12. Qb5+ Qd7 13. 0-0 e6 14. Be3 c6 15. Qa4 Be7 16. Rfd1 Qb7 17. Rxd8+ Bxd8 18. Bxa7 0-0 19. b3 Bb6 20. Bxb6 Qxb6 21. Rd1 h6 22. Rd6 Rc8 23. Rd4 e5 24. Rc4 c5 25. b4 Qd6 26. Qa3 Qd3 27. Rxc5 Rxc5 28. bxc5 Qxf3 29. Qc1 Ng4 30. Qd2 Nxf2 31. Qxf2 Qxc3 32. Kf1 e4 33. Kg2 e3 34. Qe2 Qxc5 35. Kf3 Qd4 36. Qxe3 Qd5+ 37. Qe4 Qxa2 38. Qe8+ Kh7 39. Qe4+ g6 40. h4 Qb3+ 41. Kf4 Qb8+ 42. Qe5 g5+ 43. hxg5 hxg5+ 44. Kf5 Qxe5+ 45. Kxe5 Kh6 46. Kf6 Kh5 47. Kxf7 Kg4 48. Kg6 1/2-1/2